Velázquez / (Record no. 91263)

MARC details
000 -LEADER
campo de control de longitud fija 00790nam a2200229 i 4500
001 - NÚMERO DE CONTROL
campo de control 91263
003 - IDENTIFICADOR DE NÚMERO DE CONTROL
campo de control ES-MaACL
005 - FECHA Y HORA DE LA ÚLTIMA TRANSACCIÓN
campo de control 20250712024117.0
007 - CAMPO FIJO DE DESCRIPCIÓN FÍSICA--INFORMACIÓN GENERAL
campo de control de longitud fija t|
008 - DATOS DE LONGITUD FIJA--INFORMACIÓN GENERAL
campo de control de longitud fija 050128s1968 sp afo |||| |bspa d
080 ## - NÚMERO DE LA CLASIFICACIÓN DECIMAL UNIVERSAL
Número de la Clasificación Decimal Universal 929:75 Velázquez, Diego de
100 1# - ENTRADA PRINCIPAL--NOMBRE DE PERSONA
Nombre de persona Lepore, Mario.
9 (RLIN) 71730
245 10 - MENCIÓN DEL TÍTULO
Título Velázquez /
Mención de responsabilidad, etc. texto de Mario Lepore ; traducción y adaptación de Antonio Iglesias Laguna.
260 ## - PUBLICACIÓN, DISTRIBUCIÓN, ETC.
Lugar de publicación, distribución, etc. Madrid :
Nombre del editor, distribuidor, etc. Prensa Española,
Fecha de publicación, distribución, etc. [1968]
300 ## - DESCRIPCIÓN FÍSICA
Extensión 75 p., 1 lám. :
Otras características físicas il. ;
Dimensiones 29 cm.
490 1# - MENCIÓN DE SERIE
Mención de serie Grandes de todos los tiempos
600 14 - PUNTO DE ACCESO ADICIONAL DE MATERIA--NOMBRE DE PERSONA
Nombre de persona Velázquez, Diego,
Fechas asociadas al nombre 1599-1660
9 (RLIN) 113793
700 1# - ENTRADA AGREGADA--NOMBRE PERSONAL
Nombre de persona Iglesias Laguna, Antonio,
Fechas asociadas al nombre 1927-1972
9 (RLIN) 65122
830 0# - PUNTO DE ACCESO ADICIONAL DE SERIE-TÍTULO UNIFORME
Título uniforme Grandes de todos los tiempos
9 (RLIN) 184021
852 ## - LOCALIZACIÓN
Ubicación ES-MaACL
Número de control de estantería C-35642
Nota libre . - enc. cart.
Holdings
Estatus retirado Estado de pérdida Estado de daño No para préstamo Biblioteca de origen Biblioteca actual Ubicación en estantería Fecha de adquisición Fuente de adquisición Total de préstamos Signatura topográfica completa Código de barras Visto por última vez Precio de reemplazo Tipo de ítem Koha
        Biblioteca del Ateneo de Madrid Biblioteca del Ateneo de Madrid Depósito 2 17/01/2008     C-35642 1095284 23/02/2023 23/02/2023 Libro impreso